00241nam a2200085Ia 4500008004100000100001400041245005400055260003700109300000900146190216s9999||||xx |||||||||||||| ||und|| aGhosh P.K 0aBusiness Policy Strategic Planning And Management bTata Mcgrawhill Publishersc1999 a542p